Die Freigabe der Welt: der Gedanke der Schöpfungsmittlerschaft Jesu Christi bei Dietrich Bonhoeffer
| Main Author: | |
|---|---|
| Format: | Print Article |
| Language: | German |
| Check availability: | HBZ Gateway |
| Interlibrary Loan: | Interlibrary Loan for the Fachinformationsdienste (Specialized Information Services in Germany) |
| Published: |
1993
|
| In: |
Zeitschrift für Theologie und Kirche
Year: 1993, Volume: 90, Issue: 4, Pages: 425-441 |
| Standardized Subjects / Keyword chains: | B
Bonhoeffer, Dietrich 1906-1945
/ Schöpfungsmittlerschaft Christi
|
| IxTheo Classification: | NBD Doctrine of Creation NBF Christology |
| Further subjects: | B
Creation
B Christology B Schöpfungstheologie B Mediator B Jesus Christus B Bonhoeffer,Dietrich B sin / justification B Sin / Justification B creation theology |
| Parallel Edition: | Electronic
|
MARC
| LEADER | 00000caa a22000002c 4500 | ||
|---|---|---|---|
| 001 | 596509243 | ||
| 003 | DE-627 | ||
| 005 | 20240831152624.0 | ||
| 007 | tu | ||
| 008 | 121113s1993 gw ||||| 00| ||ger c | ||
| 035 | |a (DE-627)596509243 | ||
| 035 | |a (DE-576)374644349 | ||
| 035 | |a (DE-599)GBV596509243 | ||
| 040 | |a DE-627 |b ger |c DE-627 |e rakwb | ||
| 041 | |a ger | ||
| 044 | |c XA-DE | ||
| 084 | |a 1 |2 ssgn | ||
| 100 | 1 | |0 (DE-588)120870711 |0 (DE-627)080938280 |0 (DE-576)164913769 |4 aut |a Trowitzsch, Michael |d 1945- | |
| 109 | |a Trowitzsch, Michael 1945- | ||
| 245 | 1 | 4 | |a Die Freigabe der Welt |b der Gedanke der Schöpfungsmittlerschaft Jesu Christi bei Dietrich Bonhoeffer |c Michael Trowitzsch |
| 264 | 1 | |c 1993 | |
| 336 | |a Text |b txt |2 rdacontent | ||
| 337 | |a ohne Hilfsmittel zu benutzen |b n |2 rdamedia | ||
| 338 | |a Band |b nc |2 rdacarrier | ||
| 600 | 0 | 7 | |0 (DE-588)118557513 |0 (DE-627)079354688 |0 (DE-576)208978216 |a Jesus Christus |2 gnd |
| 601 | |a Freigabe | ||
| 601 | |a Bonhoeffer | ||
| 650 | 0 | 7 | |0 (DE-588)4053163-6 |0 (DE-627)106168487 |0 (DE-576)209102330 |a Schöpfung |2 gnd |
| 650 | 0 | 7 | |0 (DE-588)4039741-5 |0 (DE-627)106226754 |0 (DE-576)209036478 |a Mittler |2 gnd |
| 650 | 4 | |a Schöpfungstheologie | |
| 650 | 4 | |a Bonhoeffer,Dietrich | |
| 650 | 4 | |a Sünde/Rechtfertigung | |
| 650 | 4 | |a Christologie | |
| 650 | 4 | |a creation theology | |
| 650 | 4 | |a sin/justification | |
| 650 | 4 | |a Christology | |
| 652 | |a NBD:NBF | ||
| 689 | 0 | 0 | |d p |0 (DE-588)118513214 |0 (DE-627)142358177 |0 (DE-576)208871543 |2 gnd |a Bonhoeffer, Dietrich |d 1906-1945 |
| 689 | 0 | 1 | |d s |0 (DE-588)1266668705 |0 (DE-627)1815406224 |2 gnd |a Schöpfungsmittlerschaft Christi |
| 689 | 0 | |5 (DE-627) | |
| 773 | 0 | 8 | |i In |t Zeitschrift für Theologie und Kirche |d Tübingen : Mohr Siebeck, 1891 |g 90(1993), 4, Seite 425-441 |w (DE-627)129458651 |w (DE-600)200245-0 |w (DE-576)014822083 |x 0044-3549 |7 nnas |
| 773 | 1 | 8 | |g volume:90 |g year:1993 |g number:4 |g pages:425-441 |
| 776 | |i Erscheint auch als |n elektronische Ausgabe |w (DE-627)1784622494 |k Electronic | ||
| 935 | |a mteo | ||
| 935 | |i Blocktest | ||
| 951 | |a AR | ||
| ELC | |b 1 | ||
| ITA | |a 1 |t 1 | ||
| LOK | |0 000 xxxxxcx a22 zn 4500 | ||
| LOK | |0 001 3275707663 | ||
| LOK | |0 003 DE-627 | ||
| LOK | |0 004 596509243 | ||
| LOK | |0 005 20160405114312 | ||
| LOK | |0 008 160404||||||||||||||||ger||||||| | ||
| LOK | |0 040 |a DE-Tue135 |c DE-627 |d DE-Tue135 | ||
| LOK | |0 092 |o n | ||
| LOK | |0 852 |a DE-Tue135 | ||
| LOK | |0 852 1 |9 00 | ||
| LOK | |0 935 |a ixzs |a ixmi | ||
| LOK | |0 939 |a 04-04-16 |b l01 | ||
| LOK | |0 000 xxxxxcx a22 zn 4500 | ||
| LOK | |0 001 3275707698 | ||
| LOK | |0 003 DE-627 | ||
| LOK | |0 004 596509243 | ||
| LOK | |0 005 20190311184854 | ||
| LOK | |0 008 190311||||||||||||||||ger||||||| | ||
| LOK | |0 035 |a (DE-Tue135-1)50809 | ||
| LOK | |0 040 |a DE-Tue135-1 |c DE-627 |d DE-Tue135-1 | ||
| LOK | |0 852 |a DE-Tue135-1 | ||
| LOK | |0 852 1 |c FTH097550/90/THM |m p |9 00 | ||
| LOK | |0 852 2 |b Z 1/940 |9 00 | ||
| LOK | |0 935 |a iZSA | ||
| LOK | |0 936ln |0 1442051787 |a NBF | ||
| LOK | |0 936ln |0 1442051531 |a NBD | ||
| LOK | |0 938 |k p | ||
| LOK | |0 938 |l Dogmatik |8 0 | ||
| LOK | |0 939 |a 11-03-19 |b l12 | ||
| ORI | |a SA-MARC-ixtheoa001.raw | ||
| STA | 0 | 0 | |a Christology,Creation,Creation,World,Mediator,Intercessor,Jesus Christ |
| STB | 0 | 0 | |a Christologie,Création,Création (religion),Médiateur,Jésus-Christ |
| STC | 0 | 0 | |a Creación,Creación,Cristología,Mediador |
| STD | 0 | 0 | |a Creazione,Creazione,Cristologia,Mediatore |
| STE | 0 | 0 | |a 中间人,调解人,创造,创造,创世,创世,基督论 |
| STF | 0 | 0 | |a 中間人,調解人,創造,創造,創世,創世,基督論 |
| STG | 0 | 0 | |a Criação,Criação,Cristologia,Mediador |
| STH | 0 | 0 | |a Посредник,Сотворение мира (мотив),Сотворение мира,Христология |
| STI | 0 | 0 | |a Δημιουργία (μοτίβο),Δημιουργία,Μεσολαβητής,Χριστολογία |
| SYA | 0 | 0 | |a Yeshuʿa,Yeshua,Iesus Nazarenus Rex Iudaeorum,Iesu Keriso,Jẽzaus Kristaus,Jésus-Christ,Iēsus,ho Nazōraios,Gesù Cristo,Ješūʿa,Isus Hristos,Jisous Khristos,Jesú Krist,Iĩsa Chrtá,Jezus Chrystus,Jezus,Jeschua,Jesus,of Nazareth,Iesu Kristo,Chesus Christ,Jhesus Christus,Jésus,le Christ,Jesus,Nazarenus,Jésus,de Nazareth,Jesucristo,Jesus Christ,Jesuo Kristo,Jesusse Kristusse,Jesuse Kristuse,Jesuksen Kristuksen,Jesu Kristo,Jesus Kristus,Yasūʿ,Yeshu,Hisows K'ristos,Ieso K'riste,Iēsus Christos,Iisus Christos,ʿĪsā Ibn-Maryam,Christus,Jesus,von Nazareth,Jesus,von Nazaret,Cristo,Jesus,Ye su,Yesu,Ye, Su , Ješiša Krista,Gesù |
| SYE | 0 | 0 | |a Weltschöpfung,Erschaffung , Heilsmittler,Mittlerschaft |
| SYG | 0 | 0 | |a Bonchëffer, Ditrich,1906-1945,Bonheffā, Dītorihi,1906-1945,Bonhefer, Ditrih,1906-1945,Bonheffā,1906-1945,Bonheffer, Dytrych,1906-1945,Pan huo hua,1906-1945,Panhuohua,1906-1945,Bon hoe peo,1906-1945,Bonhoepeo,1906-1945,Bonhēfers, Dītrihs,1906-1945,Boncheffer, Ditrich,1906-1945,Būnhūfir, Dītrīš,1906-1945,Bonchëffer, D.,1906-1945,Penghuofeier, Ditelixi,1906-1945,Ditelixi Penghuofeier,1906-1945,Penghuofeier,1906-1945,Bonnhoeffer, Dietrich,1906-1945 |